|
|
|
|
| LEADER |
00000nam0a2200000 4500 |
| 001 |
275271 |
| 005 |
20231101234816.0 |
| 035 |
|
|
|a (RuTPU)RU\TPU\book\298511
|
| 090 |
|
|
|a 275271
|
| 100 |
|
|
|a 20141113d1985 k y0rusy50 ca
|
| 101 |
0 |
|
|a rus
|
| 102 |
|
|
|a RU
|
| 105 |
|
|
|a y z 001zy
|
| 200 |
1 |
|
|a Математические методы в теории систем
|f Московское высшее техническое училище им. Н. Э. Баумана (МВТУ) ; под ред. Ю. А. Почерникова
|
| 210 |
|
|
|a Москва
|c Изд-во МВТУ
|d 1985
|
| 215 |
|
|
|a 112 с.
|
| 225 |
1 |
|
|a Труды Московского высшего технического училища (МВТУ)
|v № 443
|
| 320 |
|
|
|a Библиогр. в конце ст.
|
| 606 |
1 |
|
|a Сложные системы
|x Математические исследования
|2 stltpush
|3 (RuTPU)RU\TPU\subj\55196
|9 73256
|
| 610 |
1 |
|
|a математические методы
|
| 610 |
1 |
|
|a теория систем
|
| 610 |
1 |
|
|a анализ
|
| 610 |
1 |
|
|a технические системы
|
| 610 |
1 |
|
|a организационно-экономические процессы
|
| 610 |
1 |
|
|a системный подход
|
| 610 |
1 |
|
|a бифуркации
|
| 675 |
|
|
|a 681.51.01:51
|v 3
|
| 702 |
|
1 |
|a Почерников
|b Ю. А.
|4 340
|
| 712 |
0 |
2 |
|a Московское высшее техническое училище им. Н. Э. Баумана (МВТУ)
|c (1943-1989)
|2 stltpush
|3 (RuTPU)RU\TPU\col\3064
|
| 801 |
|
1 |
|a RU
|b 63413507
|c 20141113
|
| 801 |
|
2 |
|a RU
|b 63413507
|c 20160421
|g RCR
|
| 942 |
|
|
|c BK
|